Geometry Dash - Most Downloaded Levels by Letter - V - Statistics

General Stats
  • This quiz has been taken 26 times
    15 since last reset
  • The average score is 5 of 20
Answer Stats
Publisher Difficulty Answer Downloads % Correct
Serponge Medium Demon VeritY 13,100,000
100%
ViPriN Hard Demon Viper 1,900,000
67%
Lyod Harder Vertigo 7,400,000
33%
FunnyGame Insane Very hard CLG 5,800,000
33%
schady Easy Demon Vibration 4,400,000
33%
GeoSlam1 Hard Victim 22,200,000
33%
DzRAS Hard Violins symphony 3,800,000
33%
Serponge Harder VolT 2,400,000
33%
Optonix Harder Voltage 2,100,000
33%
Serponge Hard Vooper 9,100,000
33%
AutoNick Hard Voyage 3,700,000
33%
Tedesco96 Harder Voyaging 2,500,000
33%
zejoant Easy Demon vvvvvv 3,300,000
33%
Mitchell Harder Versus Mode 2,000,000
0%
Optical Easy Demon Verve 2,100,000
0%
Berkoo Normal VeteriS 5,400,000
0%
Rustam Hard Vexus 2,900,000
0%
Nikuomi Easy Demon Virtual Reality 1,900,000
0%
epiphani Hard Vitality 2,100,000
0%
JerkRat Hard Voiceless 1,900,000
0%
No matching quizzes found
Score Distribution
Percent of People with Each Score
Percentile by Number Answered
Your Score History
You have not taken this quiz since the last reset